000 00478nam a2200181Ia 4500
008 100917s9999 xx 000 0 und d
082 _b55343
100 _aदेवरूखकर विनायक
245 _aडॉ. कैलास
260 _bके. वा. जोशी
_c---
300 _a71
365 _b5
520 _aनाटक
630 _aडॉ. कैलास
650 _aनाटक
730 _aडॉ. कैलास
942 _cBOOK
999 _c660737
_d660734